00516nam a2200157Ia 45000010006000000050017000060080041000230410008000640820017000721000031000892450185001202600009003053000028003146500008003426540008003501710220260306170400.0260306t2013||||xx |||||||||||||| ||und|| aESP a657.458bF74 aFonseca Luna, OswaldoeAUT 0aSistemas de control interno para organizaciones:bguía práctica y orientaciones para evaluar el control interno: COSO-COCO-BASEL-GUÍA TUMBULL-COBIT-ERM-SOX-INTOSAI-OMB A -123 c2013 a542 páginas :c24 cm. aGEN aCCO